| 000 | 02002nam a22003257a 4500 | ||
|---|---|---|---|
| 005 | 2011062800090.0 | ||
| 010 | _aENG-102676 B-444949-953 | ||
| 020 |
_c700.00 _a9788175415782 |
||
| 035 | _aEN-86209 B-444949-953 | ||
| 037 | _bDBAD / PUB | ||
| 082 | _a320.454 | ||
| 100 |
_aGhaṭāṭe, N. M. _941551 |
||
| 245 |
_aEmergency, constitution, and democracy : _cby N.M. Ghatate _ban Indian experience / |
||
| 260 |
_aDelhi _bShipra Publications _c2011 |
||
| 270 |
_aLG 18-19, Pankaj Central Market, Patparganj, I. P. Ext., _bDelhi _e110092 |
||
| 300 |
_avi, 256 p. : _c23cm (Hb) _bill. |
||
| 500 | _aIncludes bibliographical references and index | ||
| 650 |
_aExecutive power _zIndia _941552 |
||
| 650 |
_aConstitutional law _zIndia _941553 |
||
| 700 | _928520 | ||
| 710 | _928535 | ||
| 942 |
_2ddc _cEN _mGHA _h320.454 |
||
| 999 |
_c53291 _d53291 |
||